EU LCS / LEC Rosters - Statistiques

Statistiques générales
  • Ce quiz a été pris 381 fois
    203 depuis la dernière actualisation
  • Le résultat moyen est 120 sur 349
Statistiques - réponses
Hint Réponse % Correct
Caps
97%
caPs
97%
Rekkles
96%
Hans Sama
95%
Nisqy
95%
Team BDS Adam
94%
Cabochard
94%
Wunder
94%
Wunderwear
94%
Humanoid
92%
Mikyx
92%
Targamas
92%
BrokenBlade
91%
Hylissang
91%
Jankos
91%
nuc
91%
NUCLEARINT
91%
Yike
91%
Carzzy
90%
Oscarinin
90%
Saken
90%
SAKEN
90%
Upset
90%
Elyoya
89%
Perkz
89%
PERKZ
89%
Bo
87%
Flakked
87%
Jun
87%
Larssen
87%
Noah
87%
Sheo
87%
Labrov
86%
Razork
86%
sOAZ
85%
Soaz
85%
Alvaro
84%
Ice
84%
Irrelevant
82%
Myrwn
82%
Supa
82%
Vetheo
82%
Patrik
80%
xPeke
80%
YellOwStaR
80%
Karmine Corp 113
78%
Bwipo
78%
Comp
78%
Trymbi
78%
Exakick
77%
Malrang
77%
Doss
76%
ISMA
76%
Kaiser
76%
Odoamne
76%
Photon
76%
Team Heretics Armut
75%
Fresskowy
75%
Jackies
75%
Jenax
75%
Broxah
72%
Crownie
71%
Crownshot
71%
Daglas
71%
Febiven
71%
FEBIVEN
71%
JNX
71%
Finn
68%
FORG1VENGRE
68%
Huni
66%
Nemesis
66%
Chasy
65%
Selfmade
65%
Markoon
63%
IgNar
61%
Sheriff
61%
Evi
59%
Szygenda
59%
UNF0RGIVEN
59%
Xerxe
58%
MAD Lions Abbedagge
57%
Zven
57%
Mysterious Monkeys Alphari
56%
Cinkrof
56%
Reeker
56%
Reignover
56%
Sertuss
54%
xMatty
54%
Zoelys
54%
H2k-Gaming Cyanide
53%
Mersa
53%
Neon
52%
Steeelback
52%
KOI Advienne
51%
Dajor
51%
Inspired
51%
LIDER
51%
mithy
51%
Mithy
51%
FORG1VEN
49%
Kikis
49%
nukeduck
49%
Nukeduck
49%
Skeanz
49%
Hjarnan
48%
Kobbe
48%
Jackspektra
47%
Jiizuke
47%
Peach
47%
Trick
47%
Froggen
46%
VandeR
46%
Vander
46%
Vizicsacsi
46%
Jactroll
44%
JeongHoon
44%
LIMIT
44%
Wadid
44%
PowerOfEvil
43%
Shlatan
42%
Gilius
41%
Ruby
41%
GIANTX Agresivoo
39%
Diamond
39%
Diamondprox
39%
Expect
39%
Jezu
39%
ocelote
39%
rhuckz
39%
Ninjas in Pyjamas Bjergsen
38%
Caedrel
38%
Attila
37%
Erdote
37%
Minitroupax
37%
nRated
37%
PromisQ
37%
promisq
37%
WhiteKnight
37%
Zanzarah
37%
Norskeren
35%
Tore
35%
Alliance Alex Ich
34%
Jesiz
34%
Rogue Amazing
33%
Excel Amazingx
33%
Dan
33%
Maxlore
33%
Czekolad
32%
Djoko
32%
Gorilla
32%
Hybrid
32%
Milica
32%
Shushei
32%
Emperor
30%
HiRit
30%
GoSu Pepper
29%
Jeskla
29%
MagiFelix
29%
Puszu
29%
SLT
29%
Tabzz
29%
Treatz
29%
Astralis AoD
28%
EDward
28%
Edward
28%
Nyph
28%
Orome
28%
Shad0w
28%
Shook
28%
Wickd
28%
Dan Dan
27%
G2 Esports Darien
27%
Eika
27%
Kold
27%
Kryze
27%
Mowgli
27%
Ryu
27%
Trashy
27%
Blue
25%
Haru
25%
against All authority fredy122
24%
Nuclear
24%
Sencux
24%
Woolite
24%
Genja
23%
kaSing
23%
KaSing
23%
loulex
23%
Loulex
23%
Spirit
23%
TynX
22%
Werlyb
22%
Boris
19%
Kirei
19%
Krepo
19%
Evil Geniuses Nono
19%
SK Gaming Svenskeren
19%
Gamsu
18%
Innaxe
18%
Team ROCCAT CandyPanda
16%
Exile
16%
Exileh
16%
Overpow
16%
Samux
16%
SELFIE
16%
Selfie
16%
yellowpete
16%
Betsy
15%
Lilipp
15%
PePiiNeRo
15%
twohoyrz
15%
xPePii
15%
denyk
14%
Dreams
14%
Gadget
14%
HeaQ
14%
Mickey
14%
Naehyun
14%
Nji
14%
Noxiak
14%
P1noy
14%
Pride
14%
Pridestalker
14%
Sacre
14%
Snoopeh
14%
Steve
14%
Vardags
14%
YamatoCannon
14%
Zorozero
14%
Bvoy
13%
Elements Creaton
13%
Destiny
13%
Klaj
13%
Lurox
13%
Memento
13%
Niels
13%
Pirean
13%
Send0o
13%
YoungBuck
13%
Schalke 04 Airwaks
11%
Millenium Araneae
11%
Team Vitality Deficio
11%
Mystiques
11%
Profit
11%
Ruin
11%
Santorin
11%
sprattel
11%
Freeeeeze
10%
Freeze
10%
Hachani
10%
Dragon Borns ShLaYa
10%
Smittyj
10%
Xaxus
10%
Yuuki60
10%
ZaZee
10%
Blanc
9%
Celaver
9%
Chei
9%
ForellenLord
9%
H1IVA
9%
Hiiva
9%
Jree
9%
KaKAO
9%
Kev1n
9%
MrRalleZ
9%
Nukes
9%
Satorius
9%
SirNukesAlot
9%
Special
9%
Spontexx
9%
Misfits Gaming Dexter
8%
dexter
8%
Jisu
8%
Kubon
8%
Mightybear
8%
Origen Adryh
6%
SUPA HOT CREW Babeta
6%
CozQ
6%
Unicorns of Love Czaru
6%
Gambit Gaming Dioud
6%
Fox
6%
hyrqBot
6%
Kerp
6%
Mokatte
6%
Moopz
6%
Nagne
6%
niQ
6%
Phaxi
6%
Police
6%
SONSTAR
6%
Toaster
6%
Totoro
6%
Veritas
6%
wewillfailer
6%
Wisdom
6%
Exter
5%
Fr3deric
5%
HosaN
5%
Hustlin
5%
Je suis Kaas
5%
Jimbz
5%
Lamabear
5%
Libik
5%
Makler
5%
Move
5%
NighT
5%
Rudy
5%
Soren
5%
Ventair
5%
Voidle
5%
Mad Lions KOI Atom
4%
BetongJocke
4%
Lemondogs cowTard
4%
extinkt
4%
Flaxxish
4%
MeetYourMakers FLord
4%
GBM
4%
GODFRED
4%
Impaler
4%
Jwaow
4%
kOu
4%
Migxa
4%
Morden
4%
Nisbeth
4%
Parang
4%
Raise
4%
Reje
4%
Rydle
4%
SorenXD
4%
Unlimited
4%
Copenhagen Wolves ViRtU4l
4%
Blizer300
3%
Brokenshard
3%
Splyce Darker
3%
Fury
3%
HORO
3%
Hulberto
3%
Fnatic Karalius
3%
kori
3%
Kottenx
3%
Lenny
3%
Malunoo
3%
Mazzerin
3%
Mimer
3%
Muvert
3%
Giants Gaming NeeGodbro
3%
Safir
3%
Shacker
3%
Team ALTERNATE TheTess
3%
Aucun quiz correspondant
Distribution des résultats
% des personnes avec chaque résultat
Percentile par nombre de réponses
Votre historique - résultats
Vous n’avez pas pris ce quiz depuis la dernière actualisation